| 000 | 01234nam a22003617a 4500 | ||
|---|---|---|---|
| 003 | CHAP | ||
| 005 | 20220329132941.0 | ||
| 008 | 971013s1990 r 00010 d | ||
| 010 | _a598 | ||
| 011 | _a1570 | ||
| 035 | _a746 | ||
| 040 | _cCHAP | ||
| 090 | _aTesis | ||
| 100 | 0 | 0 |
_aAlvarez Ramirez, Alfredo. _94965 |
| 245 | _aZonificación agroecológica de la soya (Glycine max L.) Merill en condiciones de temporal con dos niveles de inversión para la República Mexicana | ||
| 260 |
_aChapingo, Méx. : _bEl autor, _c1990 |
||
| 300 |
_a87 h. _b; mapas |
||
| 500 | _a37-72 | ||
| 502 | _aTesis (Ing. Agr. Esp. en Suelos) -- UACH. Departamento de Suelos | ||
| 590 |
_aALEPH _b10 _c20130110 _lUCH01 _h1205 |
||
| 590 |
_aBATCH-UPD _b10 _c20130110 _lUCH01 _h1031 |
||
| 590 |
_aBATCH-UPD _b10 _c20130410 _lUCH01 _h0634 |
||
| 590 |
_aBATCH-UPD _b10 _c20130913 _lUCH01 _h2139 |
||
| 590 |
_aCONVERSION _b10 _c20130109 _lUCH01 _h1302 |
||
| 650 | 1 | 4 |
_aAgricultura de temporal. _91999 |
| 650 | 1 | 4 |
_aSoya _xMéxico. _9109071 |
| 650 | 1 | 4 |
_aSoya _xRendimiento. _9109084 |
| 700 | 0 |
_aAmador Lozano, Narciso. _95078 |
|
| 700 | 0 |
_aCarrillo Alfaro, J. Ernesto. _919447 |
|
| 901 | _aBK | ||
| 942 | _cTESIS | ||
| 949 |
_bBC _cTES _d-10205 _eTS1 _h22737 _i746 _si |
||
| 999 |
_c598 _d598 |
||